The Yellow Fairy (Record no. 191241)

MARC details
000 -LEADER
fixed length control field 00667nam a22001937a 4500
005 - DATE AND TIME OF LATEST TRANSACTION
control field 20220823152405.0
010 ## - LCCN (DPL NO)
LC control number ENG-134549
020 ## - INTERNATIONAL STANDARD BOOK NUMBER
International Standard Book Number 9789380009957
Terms of availability 140.00
035 ## - SYSTEM CONTROL NUMBER
System control number EN-118081
037 ## - SOURCE OF ACQUISITION
Source of stock number/acquisition DBAD/PUB
082 ## - DEWEY DECIMAL CLASSIFICATION NUMBER
Classification number S
245 ## - TITLE STATEMENT
Title The Yellow Fairy
Remainder of title The Witch and her servants and other stories
Statement of responsibility, etc ed. by Andrew Lang, illust by Sharwan kumar
260 ## - PUBLICATION, DISTRIBUTION, ETC. (IMPRINT)
Place of publication, distribution, etc New Delhi
Name of publisher, distributor, etc Mind Melodies
Date of publication, distribution, etc 2010
270 ## - ADDRESS
Address A-18, Mohan Garden Near Nawada Metro Station
City New Delhi
Postal code 110059-06
Telephone number 01125371324
Fax number +91-11-25371323
Electronic mail address info@mindmelodies.com
300 ## - PHYSICAL DESCRIPTION
Extent 202p.
Other physical details illustrated
Dimensions 22cm(hb)
700 ## - ADDED ENTRY--PERSONAL NAME
Personal name Lang Andrew
700 ## - ADDED ENTRY--PERSONAL NAME
Personal name Sharwan Kumar
942 ## - ADDED ENTRY ELEMENTS (KOHA)
Source of classification or shelving scheme Dewey Decimal Classification
Item type English Books
Classification part S
Call number suffix YEL
Holdings
Withdrawn status Lost status Not for loan Collection code Home library Current library Date acquired Source of acquisition Cost, normal purchase price Full call number Barcode Copy number Cost, replacement price Koha item type
      Fiction Ashok Vihar Ashok Vihar 23/08/2022 DBAD/PUB 140.00 S YEL EN-118081 1 140.00 English Books

© Delhi Public Library
Hit Counter
free hit counter